000
00297nam a22001337a 4500
008
180308b xxu||||| |||| 00| 0 eng d
020
_a
226121348
041
_a
eng
080
_a
32
100
_a
23
101
_a
pol
245
_a
politics and the constitutions
_c
william.w
942
_2
udc
_c
BK
999
_c
44358
_d
44358